Small works contract (Record no. 111802)

MARC details
000 -LEADER
fixed length control field 00777cam a22002295a 4500
001 - CONTROL NUMBER
control field L152019
008 - FIXED-LENGTH DATA ELEMENTS--GENERAL INFORMATION
fixed length control field 110124s2010 xxk f 000 0 eng d
035 ## - SYSTEM CONTROL NUMBER
System control number (Sirsi) u152019
041 0# - LANGUAGE CODE
Language code of text/sound track or separate title eng
050 04 - LIBRARY OF CONGRESS CALL NUMBER
Classification number 692.8 $2 18
110 2# - MAIN ENTRY--CORPORATE NAME
Corporate name or jurisdiction name as entry element Chartered Institute of Building
9 (RLIN) 2134
245 00 - TITLE STATEMENT
Title Small works contract
260 ## - PUBLICATION, DISTRIBUTION, ETC.
Place of publication, distribution, etc. Ascot
Name of publisher, distributor, etc. CIOB
Date of publication, distribution, etc. 2010
300 ## - PHYSICAL DESCRIPTION
Extent 27p.
Dimensions 30cm.
520 ## - SUMMARY, ETC.
Summary, etc. Intended for small simple works costing up to £250 000, and lasting less than 12 months, which are described by drawings or a specification/schedule of works, but not a bill of quantities.
590 ## - LOCAL NOTE (RLIN)
Local note KA
651 #4 - SUBJECT ADDED ENTRY--GEOGRAPHIC NAME
Geographic name England and Wales
690 ## - LOCAL SUBJECT ADDED ENTRY--TOPICAL TERM (OCLC, RLIN)
Topical term or geographic name as entry element BUILT ENVIRONMENT-BUILDING CONTRACT FORMS
710 1# - ADDED ENTRY--CORPORATE NAME
Corporate name or jurisdiction name as entry element Dickinson Dees LLP
710 1# - ADDED ENTRY--CORPORATE NAME
Corporate name or jurisdiction name as entry element Northumbria University
942 ## - ADDED ENTRY ELEMENTS (KOHA)
Suppress in OPAC 0
Source of classification or shelving scheme Dewey Decimal Classification
Holdings
Withdrawn status Lost status Source of classification or shelving scheme Damaged status Not for loan Home library Current library Shelving location Date acquired Cost, normal purchase price Total Checkouts Full call number Barcode Date last seen Copy number Cost, replacement price Price effective from Koha item type
    Dewey Decimal Classification     London London Folio 07/06/2011 19.99   F692.8 CHA 30075804 06/08/2019 2 19.99 06/08/2019 Book